| 000 | 00740nam a2200229 4500 | ||
|---|---|---|---|
| 003 | DO-SdBPM | ||
| 005 | 20250604093228.0 | ||
| 008 | 161028b1981 sp ||| 00| 0 spa d | ||
| 020 | _a8430512195 | ||
| 040 |
_aDO-SdBPM _bspa _cBPMSU |
||
| 082 | 4 |
_a928.67 _bQ5h 1981 _222 |
|
| 100 | 1 | _aHerrera, Juan Ignacio | |
| 245 | 1 | 0 |
_aFrancisco de Quevedo / _cJuan Ignacio Herrera ; ilustraciones Danato Lobo |
| 260 |
_aBarcelona : _bSusaeta Ediciones , _c1981 |
||
| 300 |
_a98 p. ; _c21 cm |
||
| 490 | 0 |
_aVidas ilustres, _v21 |
|
| 590 | _aInventariado, 2025/VM | ||
| 600 | 1 | 4 |
_aQuevedo y Villegas, Francisco Gómez de, _d1580-1645. |
| 700 | 1 |
_aLobo, Danato _eilustraciones |
|
| 910 | _aVMateo V. Control de calidad. BPMSU | ||
| 942 |
_2ddc _cBK |
||
| 999 |
_c11715 _d11715 |
||